00496nam a2200085Ia 4500008004100000245002100041300028600062650000900348856005300357170517s9999 xx 000 0 und d aStar Wars Begins aAmbitious and affectionate, Star Wars Begins is the ultimate love letter to one of the greatest classics in American cinema. Billed as a "filmumentary", it's essentially a mosaic of the countless commentaries, behind-the-scenes features, outtakes, anecdotes, and other materials... xArt. uhttp://topdocumentaryfilms.com/star-wars-begins/